000 00336nam a2200133Ia 4500
008 220204s9999 xx 000 0 und d
082 _a546
_bDAY;1
100 _aDay, M Clyde
245 0 _aTheoretical inorganic chemistry
260 _aLondon
_bReinhold
_c1962
650 _aInorganic chemistry
700 _aSelbin, Joel
942 _cBK
999 _c20882
_d20882